000 01087nam a2200289 i 4500
001 bg
003 KOSZ 005
005 20200630132824.0
008 070901s1967 pl a f 001 0 pol
015 _aPB 1968/34
040 _aWA N
_cKOSZ 005/RW
_dKOSZ 005/RW
041 1 _apol
_heng
080 _a530.1
100 1 _aKatz, Robert
_d(1917-2001)
245 1 0 _aWstęp do szczególnej teorii względności /
_cRobert Katz ; [z ang. przeł. Aleksandra Blinowska].
246 1 _iTyt. oryg.:
_aIntroduction to the special theory of relativity.
260 _aWarszawa :
_bPaństwowe Wydawnictwo Naukowe,
_c1967.
300 _a140, [3] s. :
_bil. ;
_c18 cm.
380 _aKsiążki.
500 _aTyt. oryg.: An introduction to the special theory of relativity.
504 _aBiliogr. s. [138]. Indeks.
650 4 _aTeoria względności
700 1 _aBlinowska, Aleksandra.
_eIl.
710 2 _aPaństwowe Wydawnictwo Naukowe
_4pbl.
856 _uhttp://koha.tu.koszalin.pl/cgi-bin/koha/opac-detail.pl?biblionumber=11600
_yKatalog online BPK
942 _2UKD
_cKS
999 _c11600
_d11600